00872nam a22002537a 450000500170000001000130001702000110003003500130004103700160005404000120007008200160008210000300009824500710012825000110019926000360021027000980024630000200034450000200036465000130038465000500039794200250044799900190047295201270049120170124110006.0 aA-644641 c250.00 aA-644641 bCen Lib/Ret aDPLbEN a343.05bRAG aRaghavacahri, V.T.916860 aAppellate remedies under excise and customs /cby V.T. Raghavachri a2nd ed aNew DelhibCentax Publications  a1512-B, Bhishm Pitamah Marg, Opp. Sachdeva P.T. Collage of Defence Colony bNew Delhie110003 a572p.c24cm(Hb) aIncludes index. aLaw9104 aMilitary, tax trade and industrial law990147 2ddccENh343.05mRAG c126186d126186 00104070aLbLd2015-06-24eCen Lib/Retg250.00l0o343.05 RAGpA-644641r2015-06-24 00:00:00t1v250.00w2015-06-24yEN